00506nam a22001817a 4500003000800000005001700008008004100025040002300066041000800089082002200097100001900119245003300138250001000171260003700181300002000218490005600238650003000294MIRAKIL20200812105618.0200812b tu ||||| |||| 00| 0 tur d aTR-AnCHPcTR-AnCHP atur a814.42bA47k 19761 aAltan, Çetin10aKopuk kopuk/c Çetin Altan a2 bs. aAnkara:bBilgi Yayınevi,c1976. a395 s.:c19 sm.0 aBilgi Yayınları;aDeneme, Anı Dizisi;v113.v19. 0aTürk edebiyatıxDeneme